| 000 | 02740cam a22007214a 4500 | ||
|---|---|---|---|
| 001 | 83740 | ||
| 005 | 20230410103754.0 | ||
| 008 | 040706s2005 enkab b 001 0 eng | ||
| 010 | _a 2004051149 | ||
| 035 | _a(OCoLC)ocm55962278 | ||
| 040 |
_aDLC _cDLC _dBWKUK _dOCL _dBAKER _dUKM _dOCO _dIG# _dYDXCP _dOCLNG _dOKU |
||
| 015 |
_aGBA479911 _2bnb |
||
| 016 | 7 |
_a013033118 _2Uk |
|
| 020 | _a0415319412 | ||
| 020 | _a9780415319416 | ||
| 020 | _a0415319420 (pbk.) | ||
| 020 | _a9780415319423 (pbk.) | ||
| 029 | 1 |
_aIG# _b0415319412 |
|
| 029 | 1 |
_aIG# _b0415319420 |
|
| 029 | 1 |
_aYDXCP _b100374054 |
|
| 029 | 1 |
_aYDXCP _b2130706 |
|
| 029 | 1 |
_aNZ1 _b8666812 |
|
| 029 | 1 |
_aAU@ _b000025995332 |
|
| 029 | 1 |
_aNZ1 _b12471092 |
|
| 029 | 1 |
_aIG# _b9780415319416 |
|
| 029 | 1 |
_aUNITY _b00981616X |
|
| 029 | 1 |
_aCOVCL _b0415319412 |
|
| 029 | 1 |
_aUKHER _b0415319412 |
|
| 029 | 1 |
_aWARCC _b0415319420 |
|
| 029 | 1 |
_aUKBED _b0415319420 |
|
| 029 | 1 |
_aUKKCC _b0415319412 |
|
| 029 | 1 |
_aUKKCC _b0415319420 |
|
| 029 | 1 |
_aUKWSX _b0415319412 |
|
| 029 | 1 |
_aUKODM _b0415319420 |
|
| 029 | 1 |
_aUKTDV _b0415319420 |
|
| 029 | 1 |
_aHR0 _b0415319412 |
|
| 029 | 1 |
_aUKKLI _b0415319420 |
|
| 035 | _a(OCoLC)55962278 | ||
| 042 | _apcc | ||
| 043 |
_ae------ _aff----- _aaw----- |
||
| 050 | 1 | 4 |
_a324 DG 285 _bN452S 2005 |
| 082 | 0 | 0 | _a937/.07/0922 |
| 049 | _aGRAL | ||
| 100 | 1 |
_aShotter, D. C. A. _q(David Colin Arthur) |
|
| 245 | 1 | 0 |
_aNero / _cDavid Shotter. |
| 250 | _a2a ed. | ||
| 260 |
_aLondon ; _aNew York : _bRoutledge, _cc2005. |
||
| 300 |
_a117 p. : _bill., maps ; _c23 cm. |
||
| 440 | 0 | _aLancaster pamphlets in ancient history | |
| 504 | _aIncludes bibliographical references (p. [111]-112) and index. | ||
| 505 | 0 | _aFamily and politics -- Nero's early life and accession -- The new Augustus -- Empire and provinces -- Hellenistic monarch or Roman megalomaniac? -- Opposition and rebellion -- The end of Nero : civil war -- Appendix I : principal dates in Nero's life and reign -- Appendix II : Galba's speech to Piso -- Appendix III : Nero's Golden House -- Appendix IV : Glossary of Latin terms -- Appendix V : Accounts of Nero's life and principate. | |
| 600 | 0 | 0 |
_aNero, _cEmperor of Rome, _d37-68. |
| 650 | 0 |
_aEmperors _zRome _vBiography. |
|
| 651 | 0 |
_aRome _xHistory _yNero, 54-68. |
|
| 856 | 4 | 2 |
_3Publisher description _uhttp://www.loc.gov/catdir/enhancements/fy0651/2004051149-d.html |
| 938 |
_aYBP Library Services _bYANK _n100374054 |
||
| 938 |
_aBaker & Taylor _bBKTY _c90.00 _d90.00 _i0415319412 _n0006070732 _sactive |
||
| 938 |
_aBaker & Taylor _bBKTY _c22.95 _d22.95 _i0415319420 _n0006070733 _sactive |
||
| 938 |
_aTaylor & Francis _bTYFR _n0415319412 |
||
| 938 |
_aIngram _bINGR _n9780415319416 |
||
| 942 |
_2lcc _cbk |
||
| 994 |
_aC0 _bDRFGD |
||
| 999 |
_c25527 _d25527 |
||